00773nam a2200265Ia 4500001000900000003000500009005001700014008004100031010001100072020001800083040000900101082002000110245012800130260003200258300001100290503000800301504002800309650002200337650002700359650002000386650002300406700003100429700002600460700002100486dia_2339CHAP20230614090833.0220117s1986 xx 000 0 und d a172861 a968-18-1816-4 cCHAP a302.35 G78 1986 aGrupos de trabajo en organizaciones /c edición Roy Payne y Cary L. Cooper ; colaboración David L. Bradford...[et al.] aMéxico :b Limusa,c1986 a320 p. aC/e aIncluye bibliografías aGrupos sociales  aInteracción social  aSocial groups  aSocial interaction aBradford, David L., colab. aCooper, Cary L., ed.  aPayne, Roy, ed.